| 000 | 00513nam a2200181Ia 4500 | ||
|---|---|---|---|
| 008 | 131103s9999 xx 000 0 und d | ||
| 040 | _aLoreto College | ||
| 041 | _aEnglish | ||
| 082 |
_a843/FLA _bLCLIB/18506 |
||
| 100 | _aFlaubert , Gustave | ||
| 245 |
_aIntimate Notebook _cGustave Flaubert; translated by Francis Steegmuller |
||
| 260 |
_aLondon _bW.H.Allen _c1967 |
||
| 300 |
_a59p _c 21cm |
||
| 650 | _aFrench fiction | ||
| 700 | _aSteegmuller, Francis; trl. | ||
| 850 | _aLCLIB/843/FLA | ||
| 942 | _cBK | ||
| 999 |
_c24136 _d74615 |
||